Selected works of D. T. Suzuki Volume II : Pure Land

Daisetsu Teitaro Suzuki's writings introduced Buddhism to much of the world outside Asia. The second volume, Pure Land, presents ten writings on Pure Land Buddhism. In his writings, Suzuki highlights certain themes in Pure Land Buddhism and deemphasizes others, shifting focus from a future goal...

पूर्ण विवरण

में बचाया:
ग्रंथसूची विवरण
मुख्य लेखक: Suzuki, Daisetz Teitaro
अन्य लेखक: Jaffe, Richard M. (संपादक)
स्वरूप: पुस्तक
भाषा:Vietnamese
प्रकाशित: Berkeley, California University of California Press 2015
विषय:
टैग : टैग जोड़ें
कोई टैग नहीं, इस रिकॉर्ड को टैग करने वाले पहले व्यक्ति बनें!
Thư viện lưu trữ: Thư viện Trường Đại học Nam Cần Thơ
LEADER 01269nam a22002057a 4500
001 NCT_4_026778
008 251008b xxu||||| |||| 00| 0 vie d
999 |c 9327  |d 9327 
020 |a 9780520268937  |c $59.95 
082 0 4 |2 23rd ed.  |a 294.3  |b S968/Vol.2 
100 1 |a Suzuki, Daisetz Teitaro 
245 1 0 |a Selected works of D. T. Suzuki  |n Volume II :  |p Pure Land   |c Daisetz Teitaro Suzuki ; edited by Richard M. Jaffe 
260 |a Berkeley, California  |b University of California Press  |c 2015 
300 |a xxx, 295 p.  |c 23 cm 
520 3 |a Daisetsu Teitaro Suzuki's writings introduced Buddhism to much of the world outside Asia. The second volume, Pure Land, presents ten writings on Pure Land Buddhism. In his writings, Suzuki highlights certain themes in Pure Land Buddhism and deemphasizes others, shifting focus from a future goal to a present religious experience wherein one realizes the nonduality between the Buddha and oneself and between paradise and this world. 
653 |a Tham khảo 
700 1 |a Jaffe, Richard M.  |e editor 
942 |2 ddc  |c BK 
952 |0 0  |1 0  |2 ddc  |4 0  |6 294_300000000000000_S968_VOL_2  |7 0  |9 31461  |a 000001  |b 000001  |d 2025-10-08  |o 294.3 S968/Vol.2  |p TK.05742  |r 2025-10-08  |v 59.95  |w 2025-10-08  |y BK 
980 |a Thư viện Trường Đại học Nam Cần Thơ